000 00323nam a2200157Ia 4500
100 _aMuller/ Robert J
250 _a2
942 _cBK
654 _aoracle
245 _aOracle : Developer/2000
260 _bOracle Press
_aNew Delhi
_c1997
082 _a5.13
_bMUL
300 _a728
546 _aENGLISH
999 _c24265
_d24265